Normal view
MARC view
- التربية و التعليم-الأردن. مدرسون-الأردن. أخلاق المهنة
Entry Topical Term
001 - CONTROL NUMBER
- control field: 22539
003 - CONTROL NUMBER IDENTIFIER
- control field: JO-AjAnu
005 - DATE AND TIME OF LATEST TRANSACTION
- control field: 20230606073905.0
008 - FIXED-LENGTH DATA ELEMENTS
- fixed length control field: 230606|| aca||aabn | a|a d
040 ## - CATALOGING SOURCE
- Original cataloging agency: JO-AjAnu
- Transcribing agency: JO-AjAnu
150 ## - HEADING--TOPICAL TERM
- Topical term or geographic name entry element: التربية و التعليم-الأردن. مدرسون-الأردن. أخلاق المهنة
670 ## - SOURCE DATA FOUND
- Source citation: Work cat.: (JO-AjAnu)11585: حمادات،محمد حسن محمد, author 22538, قيم العمل والإلتزام الوظيفي لدى المديرين والمعلمين في المدارس